Statistics for NBA Most Iconic Player per Franchise

Click here to take the quiz!

General Stats

  • This quiz has been taken 1,118 times
  • The average score is 25 of 30

Answer Stats

TeamAnswer% Correct
Cleveland CavaliersLebron James
99%
Chicago BullsMichael Jordan
99%
Los Angeles LakersKobe Bryant/Magic Johnson
97%
Golden State WarriorsStephen Curry
97%
Boston CelticsBill Russell/Larry Bird
96%
Dallas MavericksDirk Nowitzki
94%
Miami HeatDwyane Wade
93%
Houston RocketsHakeem Olajuwon
91%
Milwaukee BucksKareem Abdul-Jabbar
89%
San Antonio SpursTim Duncan
89%
Utah JazzKarl Malone
87%
Minnesota TimberwolvesKevin Garnett
87%
Detroit PistonsIsiah Thomas
86%
Philadelphia 76ersAllen Iverson
85%
Toronto RaptorsVince Carter
85%
Indiana PacersReggie Miller
84%
New York KnicksPatrick Ewing
82%
New Orleans PelicansAnthony Davis
81%
Phoenix SunsSteve Nash
81%
Atlanta HawksDominique Wilkins
78%
Memphis GrizzliesMarc Gasol
78%
Los Angeles ClippersBlake Griffin
76%
Brooklyn NetsJason Kidd
74%
Portland Trail BlazersClyde Drexler
72%
Orlando MagicDwight Howard
71%
Charlotte HornetsKemba Walker
71%
Oklahoma City ThunderGary Payton
70%
Sacramento KingsOscar Robertson
64%
Denver NuggetsAlex English
58%
Washington WizardsWes Unseld
57%

Score Distribution

Percentile by Number Answered

Percent of People with Each Score

Your Score History

You have not taken this quiz